000 00682nam a2200205Ii 4500
003 JO-AjNU
008 230605s9999||||xx |||||||||||||| ||und||
017 _a1990/1477
040 _aJO-AjNU
_bara
_erda
_cJO-AjNU
041 _aara
050 1 4 _aHD1415.N3448.1990
100 3 _aالنجفي،سالم توفيق/اسماعيل عبيد حمادي,
_eauthor
_912898
245 0 0 _aالاقتصاد الزراعي
264 3 1 _aالموصل:دار الحكمة للطباعة والنشر،1990
300 _a276ص
336 _atext
_btxt
_2rdacontent
337 _aunmediated
_bn
_2rdamedia
338 _avolume
_bnc
_2rdacarrier
650 4 _aالاقتصاد-الزراعة
_912899
999 _aA3070
_c6638
_d6638